Dwayne Wade Trivia - Statistics

General Stats
  • This quiz has been taken 56 times
  • The average score is 12 of 15
Answer Stats
Question Answer % Correct
What year was he drafted? 2003
94%
Wade and 2 other NBA Stars won back to back championships on the Heat, name them? Lebron James
94%
What teams has Wade played for? Miami Heat
94%
How many championships has Wade won? 3
92%
What Number does Wade wear? 3
92%
^ What Pick 5th Overall
90%
What position does Wade play? Shooting Guard
90%
^ What is the other team? Cleveland Cavaliers
85%
^ another Chris Bosh
83%
Where did Wade sign his shoe deal with? Li-Ning
83%
^ City Chicago
73%
What College Did Wade Attend? Marquette University Golden Eagles
73%
What is Wade's Full Name (Middle too)? You can use google. Dwayne Tyrone Wade Jr.
65%
What state was he born in? Illinois
65%
^ High school? Harold L. Richards High School
29%
No matching quizzes found
Score Distribution
Percent of People with Each Score
Percentile by Number Answered
Your Score History
You have not taken this quiz